Famous People with Scottish Names - Statistics

General Stats
  • This quiz has been taken 41 times
  • The average score is 9 of 15
Answer Stats
Hint Answer % Correct
British author of the James Bond novels {Ian} Fleming
100%
The voice of Princess Fiona in the Shrek series {Cameron} Diaz
95%
American civil rights leader, assassinated in 1965 {Malcolm} X
95%
Actor who has been nominated for the most Oscars without winning {Glenn} Close
89%
Five-star U.S. Army General who was a top commander in World War II {Douglas} MacArthur
78%
Lead guitarist of AC/DC {Angus} Young
76%
UK Prime Minister elected in 2024 {Keir} Starmer
76%
Canadian actor most famous for "Airplane" and "The Naked Gun" {Leslie} Nielsen
73%
Best Actress winner for "Mrs Miniver" in 1942 {Greer} Garson
41%
British R&B singer popular in the early 2000s with songs like "7 Days" {Craig} David
32%
Author of "The Wind in the Willows" {Kenneth} Grahame
30%
Played Arya Stark on "Game of Thrones" {Maisie} Williams
30%
Novelist, philanthropist and former wife of Jeff Bezos {MacKenzie} Scott
24%
Singer who gained fame on the show "Britain's Got Talent" in 2015 {Calum} Scott
19%
Australian comedian who is hugely popular in his home country {Hamish} Blake
14%
No matching quizzes found
Score Distribution
Percent of People with Each Score
Percentile by Number Answered
Your Score History
You have not taken this quiz